| 000 | 02190nam a22003617a 4500 | ||
|---|---|---|---|
| 001 | 103998 | ||
| 003 | KnowledgeUnlatched | ||
| 005 | 20210303104914.0 | ||
| 006 | m o d | ||
| 007 | cr u|||||||||| | ||
| 008 | 210129p20172020xx o u00| u eng d | ||
| 037 | _5BiblioBoard | ||
| 245 | 0 | 0 |
_aGender, Intersections, and Institutions _bIntersectional Groups Building Alliances and Gaining Voice in Germany / _cLouise K. Davidson-Schmich. |
| 020 | _a9780472902354 | ||
| 024 | 8 | _ahttps://doi.org/10.3998/mpub.9429790 | |
| 029 | 1 | _ahttps://library.biblioboard.com/ext/api/media/dfa89ef2-bbb0-4777-8e8d-80b15ef63cfb/assets/thumbnail.jpg | |
| 040 |
_aScCtBLL _cScCtBLL |
||
| 100 | 1 |
_aDavidson-Schmich, Louise K. _eauthor. |
|
| 264 | 1 | _bUniversity of Michigan Press, | |
| 300 | _a1 online resource. | ||
| 506 | 0 |
_aAccess copy available to the general public. _fUnrestricted _2star |
|
| 520 | _aGermany serves as a case study of when and how members of intersectional groups-individuals belonging to two or more disadvantaged social categories-capture the attention of policymakers, and what happens when they do. This edited volume identifies three venues through which intersectional groups are able to form alliances and generate policy discussions regarding their concerns. Original empirical case studies focus on a wide range of timely subjects, including the intersexed, gender and disability rights, lesbian parenting, women working in STEM fields, workers' rights in feminized sectors, women in combat, and Muslim women and girls. | ||
| 588 | 0 | _aDescription based on print version record. | |
| 590 | _aKU Select 2019: HSS Backlist Books | ||
| 650 | 7 |
_aPolitical Science / Public Policy _2bisacsh |
|
| 650 | 0 | _aPolitical science | |
| 655 | 0 | _aElectronic books. | |
| 758 |
_iIs found in: _aKnowledge Unlatched _1https://openresearchlibrary.org/module/2774bc74-146a-484f-a7ba-ab1d6a09bbfb |
||
| 856 | 4 | 0 |
_uhttps://openresearchlibrary.org/content/dfa89ef2-bbb0-4777-8e8d-80b15ef63cfb _zView this content on Open Research Library. _70 |
| 999 |
_c32900 _d32900 |
||